[Event "SR Extraliga 2017/2018"]
[Site "?"]
[Date "2017.12.10"]
[Round "6.2"]
[White "Horvath, Csaba"]
[Black "Antal, Gergely"]
[Result "1/2-1/2"]
[WhiteElo "2507"]
[BlackElo "2525"]
[PlyCount "83"]
[EventDate "2017.??.??"]

1. d4 d5 2. c4 dxc4 3. e3 e5 4. Bxc4 exd4 5. exd4 Bd6 6. Nc3 Nf6 7. Qe2+ Qe7 8.
Bg5 O-O 9. Qxe7 Bxe7 10. Nf3 Nbd7 11. O-O Nb6 12. Bb3 c6 13. Rfe1 Bd6 14. Bxf6
gxf6 15. Ne4 Be7 16. Re3 Nd5 17. Bxd5 cxd5 18. Nc3 Be6 19. Nxd5 Bxd5 20. Rxe7
Rfe8 21. Rd7 Bc6 22. Rd6 Re6 23. Rxe6 fxe6 24. Rc1 Rd8 25. Kf1 Bxf3 26. gxf3
Rd7 27. Ke2 Kf7 28. Ke3 Ke7 29. h4 Kd6 30. Rg1 Kd5 31. Rg8 e5 32. dxe5 Kxe5 33.
h5 f5 34. f4+ Kf6 35. h6 a6 36. a3 Ke6 37. Rg5 Kf6 38. Rg8 Ke6 39. Kf3 Rd3+ 40.
Kg2 Rb3 41. Rg7 Kf6 42. Rxh7 {Ke5} 1/2-1/2

[Event "SR Extraliga 2017/2018"]
[Site "?"]
[Date "2017.12.10"]
[Round "6.3"]
[White "Pacher, Milan"]
[Black "Vass, Frantisek"]
[Result "1-0"]
[WhiteElo "2449"]
[BlackElo "2324"]
[PlyCount "130"]
[EventDate "2017.??.??"]

1. e4 e6 2. d4 d5 3. Nc3 Nf6 4. e5 Nfd7 5. f4 c5 6. Nf3 Nc6 7. Be3 a6 8. Qd2
cxd4 9. Nxd4 Nxd4 10. Bxd4 Bc5 11. O-O-O Bxd4 12. Qxd4 Qb6 13. Qd2 Nc5 14. f5
Qc7 15. Bd3 d4 16. Ne4 Nxe4 17. Bxe4 exf5 18. Bf3 O-O 19. Qxd4 Be6 20. Qd6 Rac8
21. Qxc7 Rxc7 22. a3 Rfc8 23. c3 Kf8 24. Rd6 Re8 25. Rb6 Bc8 26. Re1 Rce7 27.
Kd2 Rd8+ 28. Kc2 Rde8 29. c4 f6 30. e6 Rxe6 31. Rexe6 Rxe6 32. Rxe6 Bxe6 33. c5
Bc8 34. b4 Ke7 35. a4 Bd7 36. Bxb7 Bxa4+ 37. Kd3 Bb5+ 38. Kd4 Kd7 39. g3 Kc7
40. Bd5 h6 41. Bb3 Kd7 42. Bd1 Bf1 43. Bh5 Bb5 44. Bg6 Ke6 45. h4 Bc6 46. h5
Bb5 47. Bh7 Be2 48. Bg8+ Kd7 49. Bc4 Bxh5 50. Bxa6 g5 51. Ke3 Kc6 52. Bd3 Bg4
53. Kd4 h5 54. b5+ Kc7 55. Ke3 Bh3 56. Kf2 Bg4 57. Bc4 Bd1 58. Bd5 Bc2 59. b6+
Kd8 60. c6 Ba4 61. c7+ Kc8 62. Ke3 h4 63. gxh4 gxh4 64. Kd4 Bb5 65. Kc5 Ba6 1-0

[Event "SR Extraliga 2017/2018"]
[Site "?"]
[Date "2017.12.10"]
[Round "6.1"]
[White "Miton, Kamil"]
[Black "Cvek, Robert"]
[Result "1/2-1/2"]
[WhiteElo "2584"]
[BlackElo "2498"]
[PlyCount "67"]
[EventDate "2017.??.??"]

1. d4 Nf6 2. c4 g6 3. g3 Bg7 4. Bg2 d6 5. Nc3 O-O 6. Nf3 Nc6 7. O-O Bf5 8. b3
e5 9. d5 Ne7 10. Bb2 Ne8 11. b4 Bd7 12. Qb3 h6 13. c5 Kh7 14. Nd2 f5 15. Nc4 g5
16. a4 Ng6 17. Ba3 e4 18. b5 Ne5 19. Rac1 Nxc4 20. Qxc4 dxc5 21. Bxc5 Nd6 22.
Qb4 Be5 23. f3 exf3 24. exf3 b6 25. Bd4 a5 26. bxa6 Bxd4+ 27. Qxd4 Rxa6 28.
Rfe1 Ra5 29. Bf1 Rc5 30. Bd3 Rf7 31. Ne2 Ra5 32. Nc3 Rc5 33. Ne2 Ra5 34. Nc3
1/2-1/2

[Event "SR Extraliga 2017/2018"]
[Site "?"]
[Date "2017.12.10"]
[Round "6.2"]
[White "Pechac, Jergus"]
[Black "Antoniewski, Rafal"]
[Result "1/2-1/2"]
[WhiteElo "2449"]
[BlackElo "2530"]
[PlyCount "90"]
[EventDate "2017.??.??"]

1. d4 Nf6 2. c4 d6 3. Nc3 e5 4. Nf3 Nbd7 5. g3 g6 6. Bg2 Bg7 7. O-O O-O 8. b3
exd4 9. Nxd4 Re8 10. Bb2 a5 11. Qc2 Nc5 12. Rad1 Bd7 13. Rfe1 Qc8 14. e4 Bh3
15. Bh1 c6 16. Nde2 Qc7 17. Nf4 Bg4 18. f3 Be6 19. Nce2 Rad8 20. Bd4 Bc8 21.
Qb2 Ncd7 22. Nc3 b6 23. Na4 g5 24. Nh3 c5 25. Bc3 Ne5 26. Nf2 Nh5 27. Qd2 h6
28. f4 gxf4 29. gxf4 Ng6 30. Bxg7 Kxg7 31. f5 Ne5 32. Nc3 Bb7 33. Re3 Kh7 34.
Rh3 Rg8+ 35. Kf1 Rg5 36. Bf3 Nxf3 37. Rxf3 Qe7 38. Ke2 d5 39. Nxd5 Rxd5 40.
cxd5 Ba6+ 41. Ke3 Rg8 42. Nd3 Nf6 43. Nf2 Nh5 44. Nd3 Nf6 45. Nf2 Nh5 1/2-1/2

[Event "SR Extraliga 2017/2018"]
[Site "?"]
[Date "2017.12.10"]
[Round "6.3"]
[White "Jakubiec, Artur"]
[Black "Rohacek, Miroslav"]
[Result "1-0"]
[WhiteElo "2500"]
[BlackElo "2255"]
[PlyCount "79"]
[EventDate "2017.??.??"]

1. e4 c5 2. Ne2 d6 3. g3 Nf6 4. Bg2 g6 5. c3 Bg7 6. d4 O-O 7. O-O e5 8. d5 b5
9. a4 b4 10. a5 Na6 11. Nd2 Rb8 12. Nc4 Nh5 13. f4 bxc3 14. bxc3 exf4 15. gxf4
Bg4 16. Bd2 Qd7 17. Re1 Rfe8 18. Qc2 Nb4 19. cxb4 Bxa1 20. bxc5 Bxe2 21. Rxa1
dxc5 22. Ne5 Qb5 23. Qc1 c4 24. Nc6 Bd3 25. e5 Qb2 26. Nxb8 Rxb8 27. d6 Qb5 28.
a6 g5 29. Be3 Qd7 30. fxg5 Rb5 31. Qc3 Qg4 32. Qd4 Qxd4 33. Bxd4 Nf4 34. Bxa7
Rxe5 35. d7 Ne6 36. Bb6 Rxg5 37. a7 Be4 38. a8=Q+ Bxa8 39. Rxa8+ Kg7 40. Re8
1-0

[Event "SR Extraliga 2017/2018"]
[Site "?"]
[Date "2017.12.10"]
[Round "6.4"]
[White "Karas, Marek"]
[Black "Likavsky, Tomas"]
[Result "1/2-1/2"]
[WhiteElo "2240"]
[BlackElo "2430"]
[PlyCount "44"]
[EventDate "2017.??.??"]

1. d4 Nf6 2. c4 e6 3. Nf3 d5 4. g3 Bb4+ 5. Bd2 Be7 6. Bg2 c6 7. Qc2 O-O 8. O-O
Nbd7 9. Bf4 b6 10. Nbd2 Bb7 11. e4 dxe4 12. Nxe4 Nxe4 13. Qxe4 Nf6 14. Qe2 c5
15. Rad1 cxd4 16. Nxd4 Bxg2 17. Kxg2 Qc8 18. b3 Qb7+ 19. Qf3 Qxf3+ 20. Nxf3
Rfd8 21. Ne5 Rxd1 22. Rxd1 Rc8 1/2-1/2

[Event "SR Extraliga 2017/2018"]
[Site "?"]
[Date "2017.12.10"]
[Round "6.1"]
[White "Cernousek, Lukas"]
[Black "Balogh, Csaba"]
[Result "1/2-1/2"]
[WhiteElo "2456"]
[BlackElo "2636"]
[PlyCount "25"]
[EventDate "2017.??.??"]

1. e4 c5 2. Nf3 e6 3. d4 cxd4 4. Nxd4 a6 5. c4 Nf6 6. Nc3 Bb4 7. Qd3 d6 8. Nc2
Bxc3+ 9. Qxc3 e5 10. f3 Be6 11. b3 Nbd7 12. Be3 Qc7 13. Qd2 1/2-1/2

[Event "SR Extraliga 2017/2018"]
[Site "?"]
[Date "2017.12.10"]
[Round "6.2"]
[White "Gledura, Benjamin"]
[Black "Ponizil, Cyril"]
[Result "1/2-1/2"]
[WhiteElo "2613"]
[BlackElo "2477"]
[PlyCount "99"]
[EventDate "2017.??.??"]

1. Nf3 Nf6 2. c4 b6 3. g3 Bb7 4. Bg2 e6 5. O-O Be7 6. Nc3 Ne4 7. Nxe4 Bxe4 8.
d3 Bb7 9. e4 c5 10. Re1 O-O 11. d4 cxd4 12. Nxd4 d6 13. b3 a6 14. a4 Qc7 15.
Ra2 Re8 16. Rd2 Nd7 17. Bb2 Bf8 18. Re3 Rad8 19. Qa1 Nc5 20. b4 Nd7 21. Rc2 Rc8
22. Nb3 Ba8 23. Rc1 a5 24. bxa5 bxa5 25. Nd4 Nb6 26. Nb5 Qd8 27. Rec3 Nd7 28.
Rd1 Qb6 29. Rcd3 Nc5 30. Rxd6 Qb8 31. Be5 f6 32. Bf4 Bxd6 33. Nxd6 Qb3 34. Nxe8
Rxe8 35. Rb1 Qxc4 36. Rc1 Qxa4 37. Qxa4 Nxa4 38. Bd2 Nb6 39. Bxa5 Rc8 40. Rd1
Nc4 41. Bb4 Ne5 42. f4 Nf7 43. Ra1 Bc6 44. Rc1 Bb7 45. Rxc8+ Bxc8 46. Kf2 Bb7
47. Bh3 e5 48. Ke3 g5 49. f5 h5 50. Bf1 1/2-1/2

[Event "SR Extraliga 2017/2018"]
[Site "?"]
[Date "2017.12.10"]
[Round "6.3"]
[White "Motuz, Karol"]
[Black "Rigo, Zsolt"]
[Result "1/2-1/2"]
[WhiteElo "2431"]
[BlackElo "2404"]
[PlyCount "45"]
[EventDate "2017.??.??"]

1. d4 Nf6 2. c4 e6 3. g3 d5 4. Nf3 Bb4+ 5. Bd2 Be7 6. Bg2 c6 7. Qc2 b6 8. O-O
Ba6 9. Bf4 O-O 10. Nbd2 Nh5 11. Bxb8 Rxb8 12. Ne5 Bb7 13. Rfd1 Rc8 14. Rac1 Nf6
15. cxd5 cxd5 16. Qa4 Rxc1 17. Rxc1 Qa8 18. e3 Bd6 19. Ndf3 h6 20. Bf1 Rc8 21.
Rxc8+ Bxc8 22. Ba6 Bb7 23. Kg2 1/2-1/2

[Event "SR Extraliga 2017/2018"]
[Site "?"]
[Date "2017.12.10"]
[Round "6.4"]
[White "Stohl, Igor"]
[Black "Roubalik, Jakub"]
[Result "1-0"]
[WhiteElo "2497"]
[BlackElo "2396"]
[PlyCount "71"]
[EventDate "2017.??.??"]

1. c4 e5 2. g3 Nc6 3. Bg2 Nf6 4. Nc3 Bb4 5. Nd5 Bc5 6. Nf3 d6 7. O-O Nxd5 8.
cxd5 Nd4 9. Nxd4 Bxd4 10. e3 Bb6 11. f4 exf4 12. Rxf4 O-O 13. b3 Qg5 14. Bb2
Bd7 15. a4 a5 16. Bd4 Bxd4 17. Rxd4 c5 18. dxc6 Bxc6 19. Rc1 Rac8 20. Rxd6 Bxg2
21. Rxc8 Rxc8 22. Kxg2 Qe7 23. Qg4 Rd8 24. Rxd8+ Qxd8 25. d4 Qd5+ 26. e4 Qc6
27. Qf3 Qc2+ 28. Kh3 h6 29. d5 Qd2 30. e5 Qd4 31. e6 f6 32. e7 Kf7 33. Qe2 Ke8
34. Qe6 Qd3 35. d6 Qf1+ 36. Kh4 1-0

[Event "SR Extraliga 2017/2018"]
[Site "?"]
[Date "2018.01.06"]
[Round "7.1"]
[White "Nagy, Gabor"]
[Black "Balogh, Csaba"]
[Result "1/2-1/2"]
[WhiteElo "2474"]
[BlackElo "2633"]
[PlyCount "39"]
[EventDate "2017.??.??"]

1. e4 c5 2. Nf3 e6 3. d4 cxd4 4. Nxd4 a6 5. Nc3 b5 6. Bd3 Qb6 7. Nf3 Qc7 8. O-O
Bb7 9. Re1 Be7 10. e5 f5 11. Nd4 g6 12. a4 b4 13. Na2 Nc6 14. Nxc6 Bxc6 15. Bd2
Qb7 16. Bf1 Bc5 17. Nc1 a5 18. Nd3 Bb6 19. c3 bxc3 20. bxc3 1/2-1/2

[Event "SR Extraliga 2017/2018"]
[Site "?"]
[Date "2018.01.06"]
[Round "7.2"]
[White "Martinovic, Sasa"]
[Black "Michalicka, Milan"]
[Result "1-0"]
[WhiteElo "2599"]
[BlackElo "2179"]
[PlyCount "89"]
[EventDate "2017.??.??"]

1. d4 Nf6 2. c4 g6 3. Nc3 Bg7 4. e4 d6 5. Nf3 O-O 6. h3 Nbd7 7. Bg5 e5 8. d5 h6
9. Be3 a5 10. g4 Nc5 11. Nd2 c6 12. Be2 cxd5 13. cxd5 Bd7 14. h4 Ne8 15. h5 g5
16. a4 Bf6 17. Nc4 b6 18. Rb1 Rb8 19. f3 Be7 20. O-O Nc7 21. b4 axb4 22. Rxb4
Nxa4 23. Nxa4 Bxa4 24. Qxa4 b5 25. Qa7 bxc4 26. Bb6 Qc8 27. Rxc4 Qa6 28. Rxc7
Qxe2 29. Rxe7 Ra8 30. Qd7 Ra2 31. Bf2 Qxf3 32. Qf5 Qe2 33. Rc1 Qb2 34. Rc8
Qxf2+ 35. Qxf2 Rxf2 36. Ree8 Rf4 37. Rxf8+ Kg7 38. Rfd8 Rxe4 39. Rxd6 Rxg4+ 40.
Kf2 Rh4 41. Rc7 Rxh5 42. Rdd7 Rh2+ 43. Ke3 Kg6 44. Rxf7 g4 45. d6 1-0

[Event "SR Extraliga 2017/2018"]
[Site "?"]
[Date "2018.01.06"]
[Round "7.3"]
[White "Haring, Viktor"]
[Black "Michalik, Peter"]
[Result "1-0"]
[WhiteElo "2293"]
[BlackElo "2553"]
[PlyCount "55"]
[EventDate "2017.??.??"]

1. e4 c5 2. Nf3 Nc6 3. d4 cxd4 4. Nxd4 Nf6 5. Nc3 d6 6. Bg5 e6 7. Qd2 a6 8.
O-O-O Bd7 9. f4 b5 10. Bxf6 gxf6 11. Kb1 Qb6 12. Nce2 Na5 13. Ng3 h5 14. Be2
Nc4 15. Qe1 e5 16. Ndf5 d5 17. Rxd5 Be6 18. Bxc4 bxc4 19. fxe5 Bxd5 20. exd5 h4
21. Ne4 fxe5 22. d6 O-O-O 23. Qc3 Qb5 24. Rd1 Rg8 25. a4 Qxa4 26. Qxe5 Kb8 27.
Qc5 Ka8 28. Qd5+ 1-0

[Event "SR Extraliga 2017/2018"]
[Site "?"]
[Date "2018.01.06"]
[Round "7.4"]
[White "Stohl, Igor"]
[Black "Haring, Filip"]
[Result "1/2-1/2"]
[WhiteElo "2500"]
[BlackElo "2297"]
[PlyCount "81"]
[EventDate "2017.??.??"]

1. d4 Nf6 2. c4 e6 3. g3 Bb4+ 4. Bd2 c5 5. Bxb4 cxb4 6. Bg2 O-O 7. e4 d6 8. Ne2
e5 9. a3 bxa3 10. Nxa3 Bg4 11. f3 Be6 12. O-O Na6 13. Qd2 Qb6 14. Kh1 Rfc8 15.
c5 dxc5 16. d5 Bd7 17. Nc4 Qb4 18. Qxb4 Nxb4 19. Nxe5 Bb5 20. Rf2 Re8 21. Nc3
Ba6 22. f4 Rxe5 23. fxe5 Ng4 24. Rd2 Nxe5 25. b3 Bd3 26. Na4 Rc8 27. Nb2 Ba6
28. Bh3 Rd8 29. Bf1 Bxf1 30. Rxf1 Kf8 31. Nc4 Nbd3 32. d6 f6 33. Ra1 a6 34. Ra5
Nxc4 35. bxc4 b6 36. Rxa6 Ne5 37. Ra4 Kf7 38. Ra7+ Kg6 39. Ra4 Kf7 40. Ra7+ Kg6
41. Ra4 1/2-1/2

[Event "SR Extraliga 2017/2018"]
[Site "?"]
[Date "2018.01.06"]
[Round "7.5"]
[White "Sorkovsky, Miroslav"]
[Black "Schwarz, Dusan"]
[Result "0-1"]
[WhiteElo "2141"]
[BlackElo "2287"]
[PlyCount "102"]
[EventDate "2017.??.??"]

1. e4 e5 2. Nf3 Nc6 3. Bb5 a6 4. Ba4 Nf6 5. Qe2 Be7 6. c3 b5 7. Bb3 d6 8. d3
O-O 9. Nbd2 Na5 10. Bc2 c5 11. Nf1 Nc6 12. Ng3 Re8 13. O-O Bf8 14. a4 Bd7 15.
axb5 axb5 16. Rxa8 Qxa8 17. Nh4 Be6 18. Bg5 Nd7 19. Nhf5 f6 20. Bc1 Nd8 21. d4
Bc4 22. Bd3 Bxd3 23. Qxd3 c4 24. Qf3 g6 25. Ne3 exd4 26. cxd4 Ne6 27. Rd1 Bg7
28. Qg4 Qa7 29. h4 Ndf8 30. Nd5 Qb7 31. Nf4 Nxf4 32. Bxf4 d5 33. exd5 Qxd5 34.
h5 f5 35. Qf3 Qxf3 36. gxf3 Ne6 37. Be5 Bxe5 38. dxe5 Nf4 39. hxg6 hxg6 40. Rd4
Nd3 41. Rd6 Rxe5 42. Rxg6+ Kf7 43. Rg5 Kf6 44. Rh5 Nxb2 45. f4 Re1+ 46. Kg2 b4
47. Nxf5 Nd3 48. Kf3 b3 49. Ne3 b2 50. Nd5+ Kf7 51. Nc3 Rc1 0-1

[Event "SR Extraliga 2017/2018"]
[Site "?"]
[Date "2018.01.06"]
[Round "7.6"]
[White "Banas, Kamil"]
[Black "Stricova, Zuzana"]
[Result "1/2-1/2"]
[WhiteElo "2272"]
[BlackElo "2184"]
[PlyCount "28"]
[EventDate "2017.??.??"]

1. d4 Nf6 2. c4 d6 3. Nc3 e5 4. e4 Nbd7 5. Nf3 c6 6. Be2 Be7 7. O-O O-O 8. b3
a6 9. Bb2 Qc7 10. Rc1 Qb8 11. Qc2 b5 12. d5 cxd5 13. Nxd5 Nxd5 14. cxd5 Nc5
1/2-1/2

[Event "SR Extraliga 2017/2018"]
[Site "?"]
[Date "2018.01.06"]
[Round "7.7"]
[White "Kamody, Mario"]
[Black "Federic, Jozef"]
[Result "0-1"]
[WhiteElo "2257"]
[BlackElo "2225"]
[PlyCount "108"]
[EventDate "2017.??.??"]

1. c4 e6 2. g3 Nf6 3. Bg2 d5 4. Nf3 Be7 5. O-O O-O 6. b3 c5 7. cxd5 Nxd5 8. Nc3
Bf6 9. Bb2 Nc6 10. Qb1 Nxc3 11. dxc3 Qc7 12. Qc2 Bd7 13. Rad1 Rfd8 14. Bc1 Be8
15. Ng5 Bxg5 16. Bxg5 f6 17. Be3 Bg6 18. Qc1 b6 19. Qa3 Rxd1 20. Rxd1 Rd8 21.
Rxd8+ Nxd8 22. Qa4 Kf8 23. b4 Be8 24. Qd1 cxb4 25. cxb4 Nf7 26. Qd3 g6 27. h4
Nd6 28. h5 Bb5 29. Qd4 Ke7 30. hxg6 hxg6 31. Qh4 Nf7 32. Be4 g5 33. Qh7 Qd6 34.
Bg6 Be8 35. f3 Qxg3+ 36. Kf1 g4 37. Bf2 Qf4 38. Qh4 Qc1+ 39. Kg2 gxf3+ 40. exf3
Qg5+ 41. Qxg5 Nxg5 42. Bxe8 Kxe8 43. a4 Kd7 44. Bh4 e5 45. Kf2 Ke6 46. Ke3 Nf7
47. Kd3 Nd6 48. Bf2 Kd5 49. Bg1 Nf5 50. Bf2 Nd4 51. Bh4 f5 52. f4 e4+ 53. Kd2
Kc4 54. Be7 Nc6 0-1

[Event "SR Extraliga 2017/2018"]
[Site "?"]
[Date "2018.01.06"]
[Round "7.8"]
[White "Mydlarik, Martin"]
[Black "Zatko, Gregor"]
[Result "1-0"]
[WhiteElo "2088"]
[BlackElo "2168"]
[PlyCount "135"]
[EventDate "2017.??.??"]

1. d4 Nf6 2. Nf3 d6 3. g3 b6 4. Bg2 Bb7 5. O-O Nbd7 6. c4 e6 7. Nc3 c5 8. b3
cxd4 9. Nxd4 Bxg2 10. Kxg2 Qc8 11. e4 Qb7 12. f3 a6 13. Qe2 Be7 14. Bb2 O-O 15.
Rac1 Rfe8 16. Rfd1 Rac8 17. Nc2 Rc7 18. Ne3 Rb8 19. a4 Nc5 20. Qc2 Ne8 21. b4
Nd7 22. Ncd5 Bg5 23. f4 exd5 24. Nxd5 Rc6 25. fxg5 Ne5 26. Bxe5 dxe5 27. Qc3 f6
28. gxf6 gxf6 29. Rf1 Qg7 30. Qe3 Kh8 31. c5 bxc5 32. Rxc5 Rxc5 33. Qxc5 Qg4
34. Qf8+ Qg8 35. Qe7 Qg7 36. Qxg7+ Kxg7 37. Rc1 Rd8 38. g4 h5 39. h3 hxg4 40.
hxg4 Nd6 41. Rc7+ Kh6 42. Kf3 f5 43. gxf5 Nxf5 44. exf5 Rxd5 45. Rc6+ Kg5 46.
Ke4 Rd4+ 47. Kxe5 Rxb4 48. Rg6+ Kh5 49. Rxa6 Kg5 50. f6 Kg6 51. Ke6 Re4+ 52.
Kd5 Re1 53. Re6 Ra1 54. Re4 Kxf6 55. Kc5 Rc1+ 56. Kb6 Rb1+ 57. Ka6 Ra1 58. a5
Rb1 59. Ka7 Ra1 60. a6 Rb1 61. Re8 Kg7 62. Rb8 Ra1 63. Rb6 Rf1 64. Ka8 Rf8+ 65.
Rb8 Rf1 66. a7 Ra1 67. Rb7+ Kg8 68. Kb8 1-0

[Event "SR Extraliga 2017/2018"]
[Site "?"]
[Date "2018.01.06"]
[Round "7.1"]
[White "Gazik, Viktor"]
[Black "Cvek, Robert"]
[Result "0-1"]
[WhiteElo "2481"]
[BlackElo "2501"]
[PlyCount "58"]
[EventDate "2017.??.??"]

1. e4 c5 2. Nf3 Nc6 3. c3 e6 4. d4 d5 5. exd5 exd5 6. Be2 Bd6 7. O-O Nge7 8.
dxc5 Bxc5 9. Nbd2 O-O 10. Nb3 Bb6 11. Bf4 Ng6 12. Qd2 Nxf4 13. Qxf4 Re8 14. Bd3
Bc7 15. Bxh7+ Kxh7 16. Ng5+ Kg6 17. Qxf7+ Kh6 18. f4 Qd7 19. Qxd7 Bxd7 20. Rad1
Bb6+ 21. Kh1 Be6 22. Nxe6 Rxe6 23. Rxd5 Re2 24. Rd6+ Kh7 25. Rd7 Rxb2 26. Rxb7
Rxa2 27. f5 Rb8 28. Rd7 Rd8 29. Rb7 Rf2 0-1

[Event "SR Extraliga 2017/2018"]
[Site "?"]
[Date "2018.01.06"]
[Round "7.2"]
[White "Pechac, Jergus"]
[Black "Aczel, Gergely"]
[Result "0-1"]
[WhiteElo "2449"]
[BlackElo "2565"]
[PlyCount "134"]
[EventDate "2017.??.??"]

1. d4 Nf6 2. Nd2 d5 3. Ngf3 c5 4. e3 cxd4 5. exd4 Nc6 6. Bb5 Qb6 7. a4 a6 8.
Bxc6+ Qxc6 9. Ne5 Qc7 10. O-O g6 11. c4 Bg7 12. b3 O-O 13. Ba3 dxc4 14. Rc1 c3
15. Qf3 Qd8 16. Qxc3 Re8 17. Ndc4 Nd5 18. Qf3 Be6 19. Bb2 Rc8 20. Nd3 b6 21. h3
Bh6 22. Ra1 Rc7 23. Rfe1 Bc8 24. Nde5 Rf8 25. Qg3 Bg7 26. Rad1 Bb7 27. Ng4 b5
28. axb5 axb5 29. Nce5 h5 30. Nh2 Rc2 31. Bc1 Rc3 32. Rd3 h4 33. Qf3 Nb4 34.
Rxc3 Bxf3 35. Nhxf3 Na2 36. Nc6 Qd7 37. Rc2 Nxc1 38. Nxe7+ Kh8 39. Rcxc1 Re8
40. Nc6 Rxe1+ 41. Nxe1 Bxd4 42. Nxd4 Qxd4 43. Rc8+ Kg7 44. Re8 Qd1 45. Re3 f5
46. Kf1 g5 47. Rd3 Qb1 48. f3 Kf6 49. Re3 Qb2 50. Rd3 Qa2 51. Re3 Qd2 52. Rd3
Qb2 53. Rd6+ Kf7 54. Rd5 Qxb3 55. Rxf5+ Kg6 56. Rc5 b4 57. Ke2 Qe6+ 58. Kd2
Qd6+ 59. Nd3 Qg3 60. Rc6+ Kg7 61. Ne1 Qf2+ 62. Kd1 b3 63. Rc7+ Kf8 64. Rc8+ Ke7
65. Rc7+ Ke6 66. Rc3 Qd4+ 67. Rd3 Qa1+ 0-1

[Event "SR Extraliga 2017/2018"]
[Site "?"]
[Date "2018.01.06"]
[Round "7.3"]
[White "Horvath, Csaba"]
[Black "Karas, Marek"]
[Result "1/2-1/2"]
[WhiteElo "2512"]
[BlackElo "2243"]
[PlyCount "71"]
[EventDate "2017.??.??"]

1. d4 Nf6 2. Nf3 e6 3. g3 d5 4. c4 Bb4+ 5. Nc3 O-O 6. Bg2 b6 7. cxd5 exd5 8.
O-O Bb7 9. Ne5 Nbd7 10. Bg5 Be7 11. Rc1 c6 12. Nd3 Ne4 13. Bxe7 Qxe7 14. e3 Ba6
15. Qc2 Nxc3 16. Qxc3 Nf6 17. Rfd1 Bxd3 18. Rxd3 Rac8 19. Qa3 Qd7 20. Rdc3 Rc7
21. Qa4 Rfc8 22. Qc2 c5 23. dxc5 Rxc5 24. Qd3 Rxc3 25. Rxc3 Rxc3 26. Qxc3 h6
27. Bf3 Qf5 28. Kg2 g5 29. h3 h5 30. Qc7 g4 31. hxg4 hxg4 32. Be2 Qe4+ 33. Kh2
Qh7+ 34. Kg2 Qe4+ 35. Kh2 Qh7+ 36. Kg2 1/2-1/2

[Event "SR Extraliga 2017/2018"]
[Site "?"]
[Date "2018.01.06"]
[Round "7.4"]
[White "Jablonicky, Martin"]
[Black "Mihok, Oliver"]
[Result "0-1"]
[WhiteElo "2330"]
[BlackElo "2543"]
[PlyCount "82"]
[EventDate "2017.??.??"]

1. e4 c5 2. c3 d5 3. exd5 Qxd5 4. d4 Nf6 5. Nf3 e6 6. Na3 Nc6 7. Be2 Qd8 8. Nc2
Be7 9. Be3 Nd5 10. dxc5 Nxe3 11. Qxd8+ Kxd8 12. Nxe3 Bxc5 13. Nc4 a5 14. Ng5
Ke7 15. Ne4 Ba7 16. Ned6 f5 17. Bf3 Bc5 18. Rd1 Rd8 19. Bxc6 Bxd6 20. Nxd6 Rxd6
21. Rxd6 Kxd6 22. Bb5 e5 23. Ke2 Kc5 24. a4 Be6 25. Rd1 f4 26. Bd3 Bd5 27. Bxh7
Bc6 28. Bc2 Rh8 29. f3 Rxh2 30. Kf2 g5 31. Bf5 Rh8 32. Re1 Re8 33. Bc2 g4 34.
fxg4 e4 35. g5 e3+ 36. Kf1 Rh8 37. g6 Rh2 38. b4+ axb4 39. cxb4+ Kxb4 40. Rb1+
Kc3 41. Bd1 Kd2 0-1

[Event "SR Extraliga 2017/2018"]
[Site "?"]
[Date "2018.01.06"]
[Round "7.5"]
[White "Vass, Frantisek"]
[Black "Gasa, Andrej"]
[Result "1/2-1/2"]
[WhiteElo "2319"]
[BlackElo "2268"]
[PlyCount "32"]
[EventDate "2017.??.??"]

1. d4 d5 2. Nf3 Nf6 3. c4 e6 4. Nc3 Be7 5. e3 O-O 6. Qc2 c5 7. dxc5 Bxc5 8. a3
dxc4 9. Bxc4 a6 10. b4 Bd6 11. Bb2 b5 12. Bd3 Qc7 13. Ne4 Qxc2 14. Nxf6+ gxf6
15. Bxc2 Be7 16. Be4 Ra7 1/2-1/2

[Event "SR Extraliga 2017/2018"]
[Site "?"]
[Date "2018.01.06"]
[Round "7.6"]
[White "Istona, Martin"]
[Black "Chovan, Milan"]
[Result "0-1"]
[WhiteElo "2280"]
[BlackElo "2302"]
[PlyCount "108"]
[EventDate "2017.??.??"]

1. e4 e5 2. Nf3 Nc6 3. d4 exd4 4. Nxd4 Bc5 5. Nb3 Bb6 6. Nc3 Nf6 7. Bg5 h6 8.
Bh4 O-O 9. Bd3 g5 10. Bg3 d5 11. O-O Bg4 12. Qd2 dxe4 13. Nxe4 Nxe4 14. Bxe4
Qf6 15. c3 Bf5 16. Qc2 Bxe4 17. Qxe4 Rae8 18. Qc4 Ne5 19. Bxe5 Qxe5 20. a4 a5
21. Nd4 Re7 22. Rad1 Rfe8 23. Qd3 Bxd4 24. Qxd4 Qxd4 25. Rxd4 Re2 26. b4 Rc2
27. bxa5 Rxc3 28. Rb4 Re5 29. Rb5 Rxb5 30. axb5 Rb3 31. a6 Rxb5 32. axb7 Rxb7
33. h4 c5 34. Rc1 Rc7 35. hxg5 hxg5 36. Rc4 Kg7 37. f3 Kf6 38. Kf2 Ke5 39. Ke3
f5 40. f4+ Kd5 41. Ra4 Re7+ 42. Kd2 g4 43. g3 Rh7 44. Ra8 Ke4 45. Rf8 Rh2+ 46.
Ke1 Rg2 47. Re8+ Kf3 48. Re5 Kxg3 49. Rxf5 Rf2 50. Rxc5 Rxf4 51. Rc2 Kh3 52.
Rc8 g3 53. Rh8+ Kg2 54. Rg8 Re4+ 0-1

[Event "SR Extraliga 2017/2018"]
[Site "?"]
[Date "2018.01.06"]
[Round "7.7"]
[White "Cibickova, Zuzana"]
[Black "Jozefek, Michal"]
[Result "0-1"]
[WhiteElo "2305"]
[BlackElo "2207"]
[PlyCount "96"]
[EventDate "2017.??.??"]

1. e4 c5 2. Nf3 d6 3. d4 cxd4 4. Nxd4 Nf6 5. Nc3 Nc6 6. Bg5 e6 7. Qd2 a6 8.
O-O-O Bd7 9. f4 b5 10. Bxf6 gxf6 11. Kb1 Qb6 12. Nxc6 Bxc6 13. f5 b4 14. Ne2 e5
15. Ng3 Qc5 16. Bd3 h5 17. h4 a5 18. Qe2 a4 19. Bc4 Be7 20. Rh3 Rc8 21. b3 axb3
22. cxb3 Bd8 23. Rc1 Ke7 24. Rhh1 Qa5 25. Rhe1 Bb6 26. Nxh5 Bd4 27. g4 Bc3 28.
Red1 Qa3 29. Rc2 Bb7 30. Qd3 Bd4 31. Qe2 Rc5 32. Rdd2 Rhc8 33. g5 Ba6 34. Rxd4
exd4 35. Nxf6 Bxc4 36. Rxc4 Rxc4 37. bxc4 d3 38. Nd5+ Kd7 39. Qh5 Rf8 40. f6 b3
41. Qg4+ Kc6 42. Ne7+ Kb6 43. Nd5+ Ka6 44. Qg2 Rb8 45. Nc7+ Ka5 46. Qd2+ Ka4
47. Nb5 Rxb5 48. cxb5 Qxa2+ 0-1

[Event "SR Extraliga 2017/2018"]
[Site "?"]
[Date "2018.01.06"]
[Round "7.8"]
[White "Spacek, Oliver"]
[Black "Gazik, Igor"]
[Result "1-0"]
[WhiteElo "2215"]
[BlackElo "2269"]
[PlyCount "53"]
[EventDate "2017.??.??"]

1. d4 d6 2. e4 g6 3. f4 Bg7 4. Nf3 Nf6 5. Nc3 c6 6. Bd3 b5 7. e5 Nfd7 8. O-O b4
9. Ne4 d5 10. Ng3 Qb6 11. Be3 e6 12. Qd2 Ba6 13. f5 exf5 14. Bh6 Bf8 15. Bxf5
Bxf1 16. Rxf1 gxf5 17. Nxf5 Kd8 18. Ng5 Kc7 19. Nxf7 Rg8 20. Bf4 Kb7 21. e6 Nf6
22. N5d6+ Bxd6 23. Nxd6+ Ka6 24. Qd3+ Ka5 25. a3 Ne4 26. Nxe4 Qb5 27. Bc7+ 1-0

[Event "SR Extraliga 2017/2018"]
[Site "?"]
[Date "2018.01.06"]
[Round "7.1"]
[White "Miton, Kamil"]
[Black "Stocek, Jiri"]
[Result "1-0"]
[WhiteElo "2585"]
[BlackElo "2566"]
[PlyCount "65"]
[EventDate "2017.??.??"]

1. e4 c5 2. Nf3 Nc6 3. d4 cxd4 4. Nxd4 Nf6 5. Nc3 d6 6. Bg5 e6 7. Qd2 a6 8.
O-O-O h6 9. Nxc6 bxc6 10. Bf4 d5 11. Qe3 Bb4 12. a3 Ba5 13. h4 O-O 14. f3 Bb6
15. Qe1 Bc7 16. Bxc7 Qxc7 17. g4 Rb8 18. g5 Nh5 19. gxh6 Qf4+ 20. Kb1 Qxh6 21.
Rg1 Bb7 22. Na4 e5 23. exd5 cxd5 24. Qxe5 d4 25. Qg5 Qxg5 26. Rxg5 Nf4 27. Nc5
d3 28. Bxd3 Bxf3 29. Rdg1 g6 30. Nd7 Nh3 31. Nxb8 Rxb8 32. Rxg6+ fxg6 33. Rxg6+
1-0

[Event "SR Extraliga 2017/2018"]
[Site "?"]
[Date "2018.01.06"]
[Round "7.2"]
[White "Nayhebaver, Martin"]
[Black "Antoniewski, Rafal"]
[Result "1/2-1/2"]
[WhiteElo "2446"]
[BlackElo "2529"]
[PlyCount "94"]
[EventDate "2017.??.??"]

1. e4 c5 2. Nf3 d6 3. d4 Nf6 4. Nc3 cxd4 5. Nxd4 a6 6. h3 e6 7. g4 h6 8. Bg2
Be7 9. Be3 Nfd7 10. O-O g5 11. Nce2 h5 12. gxh5 Ne5 13. Ng3 Nbc6 14. Qe2 Bd7
15. b3 Qa5 16. c4 b5 17. Nxc6 Bxc6 18. Bd4 bxc4 19. bxc4 Qa4 20. Rfd1 f6 21.
Rac1 Rc8 22. Nf1 Kf8 23. c5 Kf7 24. cxd6 Bxd6 25. Bxe5 Bxe5 26. Rc4 Bb5 27.
Rd7+ Ke8 28. Rxa4 Bxe2 29. Rg7 Kf8 30. Ra7 Bb5 31. Rb4 Bc3 32. Rb1 Bd4 33. Rb7
Rxh5 34. a4 Be8 35. Ne3 Rh4 36. Rb8 Rxb8 37. Rxb8 Ke7 38. Ra8 Bxa4 39. Rxa6 Bb5
40. Ra5 Bd3 41. Ng4 Rh8 42. Ra3 Be2 43. Bf1 Bxf1 44. Kxf1 Rb8 45. Kg2 Rb2 46.
Ne3 Rb5 47. Ra4 Bxe3 1/2-1/2